00370nam a2200169Ia 4500003000400000005001700004008004100021040000700062041000800069082001900077100001500096245001900111260002600130365001400156650001600170650001400186OSt20230608101052.0210423s1995 xx 000 0 und d cAL aeng a307 223bGRUC aGRUNDY (M) aCommunity work aLondonbMowbrayc1995 b1230cINR aCommunities aSociology